01002cam a22002654a 4500999001500000001000600015003000900021005001700030008004100047020001500088020001900103040003800122082001900160100001900179245007300198260003500271300004100306504005100347600008400398650006200482700001800544906004500562942001200607952011700619 c2536d253610905BD-DhUAP20210130132131.0110419s2003 nyua 001 0beng c a3822871885 a97838222871881 aBD-DhUAPcBD-DhUAPdBD-DhUAPbEng a720.92 STE223 aSteele, James. aRudolf Michael Schindler /cJames Steele and edited by Peter Gossel. aNew York : bTaschen, cc1999. a180 pages :billustrations ;c30 cm. aIncludes bibliographical references and index. aSchindler, R. M. -- (Rudolph M.), -- 1887-1953 -- Criticism and interpretation. aArchitecture -- United States -- History -- 20th century. aGossel, Peter a7bcbccpccadapd2encipf20gy-gencatlg 2ddccBK 00102ddc4070aUAPCLbUAPCLcGeneral Stacksd2020-02-25o720.92 STEp3010010905r2020-02-25t1w2020-02-25yBK